[Event "Junior Online 4NCL Division 5"]
[Site "online"]
[Date "2021.04.15"]
[EventDate "2021.04.15"]
[Round "7.338"]
[White "Vysohlid, Peter"]
[WhiteElo "886"]
[WhiteTeam "Cambridge Chess & Go C"]
[Black "Cann, Harriet"]
[BlackElo "925"]
[BlackTeam "Harrow Juniors H"]
[Result "1-0"]
[PlyCount "39"]

1. e4 e6 2. d4 Bb4+ 3. c3 Bxc3+ 4. Nxc3 Nf6 5. Qf3 Nc6 6. Qg3 Nh5 7. Qe3 Nf6 8. Be2 Nxe4 9. Qxe4 Na5 10. Bf4 c6 11. O-O-O f6 12. d5 e5 13. Bxe5 fxe5 14. Qxe5+ Kf8 15. Bh5 g6 16. Qxh8+ Ke7 17. Re1+ Kf7 18. Qxd8 Kg7 19. Qe7+ Kh8 20. Qf8# 1-0

[Event "Junior Online 4NCL Division 5"]
[Site "online"]
[Date "2021.04.15"]
[EventDate "2021.04.15"]
[Round "7.341"]
[White "Sundararaju, Ritvik"]
[WhiteElo "895"]
[WhiteTeam "Uxbridge Juniors Dynamos"]
[Black "Mallia, Luca"]
[BlackElo "922"]
[BlackTeam "Surrey Kings 4"]
[Result "1-0"]
[PlyCount "99"]

1. e4 e5 2. Bc4 Nf6 3. Nf3 Nc6 4. d3 Bc5 5. Bg5 d6 6. Bxf6 Qxf6 7. O-O O-O 8. Nc3 Be6 9. Bxe6 Qxe6 10. Ng5 Qg6 11. Nh3 Rfe8 12. Na4 Bb4 13. Nc3 Nd4 14. Nd5 Bc5 15. Nxc7 Rac8 16. Nxe8 Rxe8 17. c3 Ne6 18. b4 Bb6 19. a4 Rc8 20. a5 Bd8 21. Rc1 f5 22. exf5 Qxf5 23. g4 Qg6 24. Qf3 Ng5 25. Nxg5 Qxg5 26. h3 h5 27. Qxb7 Rc7 28. Qb8 Rf7 29. Qxd6 Be7 30. Qb8+ Rf8 31. Qxa7 Rf7 32. Qa8+ Bd8 33. Qd5 hxg4 34. hxg4 Qxg4+ 35. Qg2 Qg5 36. Qxg5 Bxg5 37. Rce1 Re7 38. a6 Bf6 39. Ra1 e4 40. dxe4 Bxc3 41. Rac1 Bxb4 42. Rc8+ Kf7 43. Rc4 Bd6 44. Rc6 Bb4 45. Ra1 Rxe4 46. a7 Re8 47. a8=Q Rxa8 48. Rxa8 Ke7 49. Ra7+ Ke8 50. Rc8# 1-0

[Event "Junior Online 4NCL Division 5"]
[Site "online"]
[Date "2021.04.15"]
[EventDate "2021.04.15"]
[Round "7.342"]
[White "Goldhawk, Harrison"]
[WhiteElo "958"]
[WhiteTeam "Surrey Kings 4"]
[Black "Degun, Rubind"]
[BlackElo "883"]
[BlackTeam "Uxbridge Juniors Dynamos"]
[Result "0-1"]
[PlyCount "36"]

1. e4 e5 2. Nf3 Nc6 3. Nc3 Nf6 4. Bc4 b5 5. Nxb5 Nxe4 6. d3 Bb4+ 7. Bd2 Nxd2 8. Nxd2 e4 9. dxe4 Ba6 10. c3 Bc5 11. O-O Qf6 12. Nxc7+ Ke7 13. Nxa8 Rxa8 14. Bxa6 Bd6 15. Nc4 Ne5 16. Bb7 Rb8 17. Nxe5 Qxe5 18. Bd5 Qxh2# 0-1

[Event "Junior Online 4NCL Division 5"]
[Site "online"]
[Date "2021.04.15"]
[EventDate "2021.04.15"]
[Round "7.343"]
[White "Bhargava, Aarav"]
[WhiteElo "826"]
[WhiteTeam "Uxbridge Juniors Dynamos"]
[Black "Josse, Jack"]
[BlackElo "925"]
[BlackTeam "Surrey Kings 4"]
[Result "0-1"]
[PlyCount "40"]

1. e4 e5 2. Nf3 Nc6 3. Bc4 Nf6 4. Ng5 d5 5. exd5 Nxd5 6. Bxd5 Qxd5 7. c3 Qxg2 8. Rf1 Bc5 9. Ne4 Bf5 10. Nxc5 Kf8 11. Nd7+ Bxd7 12. Na3 Na5 13. b4 Nc6 14. Qh5 g6 15. Qe2 Bg4 16. Qc4 Ne7 17. Qxc7 Nf5 18. Qxe5 Rg8 19. Qc7 Re8+ 20. Qe5 Rxe5# 0-1

[Event "Junior Online 4NCL Division 5"]
[Site "online"]
[Date "2021.04.15"]
[EventDate "2021.04.15"]
[Round "7.344"]
[White "Choi, Ethan"]
[WhiteElo "925"]
[WhiteTeam "Surrey Kings 4"]
[Black "Bhargava, Arnav"]
[BlackElo "737"]
[BlackTeam "Uxbridge Juniors Dynamos"]
[Result "0-1"]
[PlyCount "44"]

1. e4 c5 2. Nf3 Nc6 3. Bc4 Nf6 4. Nc3 d6 5. d3 Bd7 6. Bg5 h6 7. Bf4 e5 8. Be3 Be7 9. O-O O-O 10. Nh4 Ne8 11. Qc1 Bxh4 12. g3 Bg5 13. Qd1 Nf6 14. Qh5 Bg4 15. Qg6 Ne7 16. Qxf6 Bxf6 17. Nd5 Be6 18. Kg2 Qd7 19. Rg1 Bh3+ 20. Kh1 Qg4 21. f3 Qxf3+ 22. Rg2 Qxg2# 0-1

[Event "Junior Online 4NCL Division 5"]
[Site "online"]
[Date "2021.04.15"]
[EventDate "2021.04.15"]
[Round "7.345"]
[White "Mallia, Luca"]
[WhiteElo "922"]
[WhiteTeam "Surrey Kings 4"]
[Black "Sundararaju, Ritvik"]
[BlackElo "895"]
[BlackTeam "Uxbridge Juniors Dynamos"]
[Result "0-1"]
[PlyCount "56"]

1. e4 e5 2. Nf3 Nf6 3. Nc3 d6 4. Bc4 Bg4 5. d3 Bxf3 6. Qxf3 d5 7. exd5 Bb4 8. a3 Bxc3+ 9. bxc3 O-O 10. Bg5 Re8 11. d4 exd4+ 12. Be2 h6 13. Bf4 Nxd5 14. Bd2 dxc3 15. Bc1 Nc6 16. Be3 Nxe3 17. fxe3 Qd2+ 18. Kf1 Rxe3 19. Qxe3 Qxe3 20. Bc4 Qf4+ 21. Ke2 Qxc4+ 22. Ke3 Re8+ 23. Kf3 Ne5+ 24. Ke3 Ng4+ 25. Kf3 Qe4+ 26. Kg3 Qe3+ 27. Kxg4 Re4+ 28. Kf5 Qf4# 0-1

[Event "Junior Online 4NCL Division 5"]
[Site "online"]
[Date "2021.04.15"]
[EventDate "2021.04.15"]
[Round "7.346"]
[White "Degun, Rubind"]
[WhiteElo "883"]
[WhiteTeam "Uxbridge Juniors Dynamos"]
[Black "Goldhawk, Harrison"]
[BlackElo "958"]
[BlackTeam "Surrey Kings 4"]
[Result "0-1"]
[PlyCount "28"]

1. e4 e5 2. Bc4 Nh6 3. Qh5 g6 4. Qxe5+ Be7 5. Qxh8+ Bf8 6. Qxh7 d5 7. Bb5+ c6 8. Bd3 dxe4 9. Bxe4 Qe7 10. d3 Bf5 11. Bxh6 Bxe4 12. Ne2 Bxg2 13. Rg1 Bf3 14. Nd2 Qxe2# 0-1

[Event "Junior Online 4NCL Division 5"]
[Site "online"]
[Date "2021.04.15"]
[EventDate "2021.04.15"]
[Round "7.347"]
[White "Josse, Jack"]
[WhiteElo "925"]
[WhiteTeam "Surrey Kings 4"]
[Black "Bhargava, Aarav"]
[BlackElo "826"]
[BlackTeam "Uxbridge Juniors Dynamos"]
[Result "1-0"]
[PlyCount "23"]

1. e4 e5 2. Nf3 Nc6 3. Bc4 Na5 4. Bd5 Nf6 5. Bb3 Nxe4 6. d3 Nc5 7. Ng5 f6 8. Qh5+ g6 9. Qf3 fxg5 10. Bf7+ Ke7 11. Bxg5+ Kd6 12. Qd5# 1-0

[Event "Junior Online 4NCL Division 5"]
[Site "online"]
[Date "2021.04.15"]
[EventDate "2021.04.15"]
[Round "7.348"]
[White "Bhargava, Arnav"]
[WhiteElo "737"]
[WhiteTeam "Uxbridge Juniors Dynamos"]
[Black "Choi, Ethan"]
[BlackElo "925"]
[BlackTeam "Surrey Kings 4"]
[Result "1-0"]
[PlyCount "81"]

1. d4 d5 2. c4 Nc6 3. Nf3 Bf5 4. Nc3 Nf6 5. a3 e6 6. Bd2 Bd6 7. e3 O-O 8. Bd3 Bxd3 9. c5 Be7 10. Bc1 Na5 11. Qxd3 c6 12. b4 Nb3 13. Rb1 Nxc1 14. Rxc1 Qe8 15. O-O Ng4 16. h3 Nxf2 17. Rxf2 f6 18. g4 Qg6 19. Qf1 b6 20. Nh4 Qh6 21. Ng2 bxc5 22. dxc5 a5 23. h4 Qg6 24. Nf4 Qxg4+ 25. Rg2 Qxh4 26. Nxe6 Qh6 27. Nxf8 Bxf8 28. bxa5 Rxa5 29. Na2 Rxa3 30. e4 dxe4 31. Rh2 Qg5+ 32. Rg2 Qe3+ 33. Rf2 Qg5+ 34. Rg2 Qh6 35. Qc4+ Kh8 36. Qf7 Bxc5+ 37. Kf1 Rxa2 38. Qxa2 Qxc1+ 39. Ke2 Qh1 40. Qa8+ Bf8 41. Qxf8# 1-0

[Event "Junior Online 4NCL Division 5"]
[Site "online"]
[Date "2021.04.15"]
[EventDate "2021.04.15"]
[Round "7.351"]
[White "Boopathy, Harsheth"]
[WhiteElo "954"]
[WhiteTeam "Uxbridge Juniors Eagles"]
[Black "Vaz, Bryan"]
[BlackElo "850"]
[BlackTeam "Surrey Kings 5"]
[Result "0-1"]
[PlyCount "98"]

1. e4 d6 2. d3 c6 3. Nc3 e6 4. Nf3 Nd7 5. Bg5 Be7 6. Bf4 Ngf6 7. Bg5 h6 8. Bh4 O-O 9. d4 b6 10. a4 d5 11. exd5 cxd5 12. Ra3 Bxa3 13. bxa3 g5 14. Bg3 Ne4 15. Nxe4 dxe4 16. Ne5 Nxe5 17. dxe5 Qxd1+ 18. Kxd1 Rd8+ 19. Bd3 Ba6 20. Ke2 exd3+ 21. cxd3 Bxd3+ 22. Kd2 Be4+ 23. Ke2 Bxg2 24. Rd1 Rxd1 25. Kxd1 Rd8+ 26. Ke2 Kg7 27. Ke3 Kg6 28. Ke2 Kf5 29. f4 gxf4 30. Bh4 Rd5 31. a5 Rxe5+ 32. Kf2 Bh3 33. Kf3 bxa5 34. a4 Re3+ 35. Kf2 Kg4 36. Bf6 Ra3 37. Be7 Ra2+ 38. Ke1 f3 39. Bc5 Rxa4 40. Kf2 Rc4 41. Be3 a4 42. Ke1 a3 43. Kd2 a2 44. Kd3 Ra4 45. Bd4 a1=Q 46. Bxa1 Rxa1 47. Kd2 f2 48. Ke2 Ra2+ 49. Kd1 f1=Q# 0-1

[Event "Junior Online 4NCL Division 5"]
[Site "online"]
[Date "2021.04.15"]
[EventDate "2021.04.15"]
[Round "7.352"]
[White "O’Sullivan, Jack"]
[WhiteElo "925"]
[WhiteTeam "Surrey Kings 5"]
[Black "Motorwala, Muhammad"]
[BlackElo "978"]
[BlackTeam "Uxbridge Juniors Eagles"]
[Result "0-1"]
[PlyCount "50"]

1. e4 e5 2. Nf3 Nf6 3. Nxe5 Qe7 4. d4 Ng4 5. Nxg4 Qxe4+ 6. Ne3 Bb4+ 7. c3 Bd6 8. Bd3 Qc6 9. d5 Qb6 10. Nc4 Qc5 11. Nxd6+ Qxd6 12. O-O Qxd5 13. Re1+ Kd8 14. Qe2 Nc6 15. Be4 Nd4 16. cxd4 Qxd4 17. Bxh7 Rxh7 18. Qe6 fxe6 19. Be3 Qxb2 20. Bg5+ Ke8 21. Nd2 b5 22. Rab1 Qxa2 23. Re2 Bb7 24. Rf1 Qd5 25. Be3 Qxg2# 0-1

[Event "Junior Online 4NCL Division 5"]
[Site "online"]
[Date "2021.04.15"]
[EventDate "2021.04.15"]
[Round "7.353"]
[White "Jones, Theo"]
[WhiteElo "985"]
[WhiteTeam "Uxbridge Juniors Eagles"]
[Black "Fairrie, Ralph"]
[BlackElo "916"]
[BlackTeam "Surrey Kings 5"]
[Result "0-1"]
[PlyCount "94"]

1. e3 e5 2. Nf3 Nc6 3. Nc3 Bc5 4. d3 d6 5. Be2 Nf6 6. Bd2 Bf5 7. O-O Ng4 8. h3 Nh6 9. a3 O-O 10. a4 b6 11. h4 Ng4 12. Qb1 Qf6 13. Qa2 Qh6 14. e4 Bg6 15. Bxh6 Nb4 16. Qb3 b5 17. axb5 a6 18. bxa6 Rxa6 19. Rfb1 Rxa1 20. Rxa1 Bxf2+ 21. Kf1 Rb8 22. Ra4 Bg3 23. Qc4 Nh2+ 24. Kg1 Ng4 25. Nb5 Bh2+ 26. Kf1 Ne3+ 27. Kf2 Nxc4 28. Rxb4 Na5 29. Nfd4 gxh6 30. Nb3 c5 31. Nxc5 dxc5 32. Ra4 Rxb5 33. Rxa5 Rxa5 34. d4 cxd4 35. b4 Ra1 36. Bc4 Bxe4 37. g4 Rc1 38. g5 Rxc2+ 39. Ke1 Bg3+ 40. Kd1 Rxc4 41. gxh6 Rxb4 42. h5 Bf4 43. Ke1 Rb1+ 44. Ke2 Rb2+ 45. Kd1 Bf3+ 46. Ke1 Bg3+ 47. Kf1 Rb1# 0-1

[Event "Junior Online 4NCL Division 5"]
[Site "online"]
[Date "2021.04.15"]
[EventDate "2021.04.15"]
[Round "7.354"]
[White "Baker, Luke"]
[WhiteElo "909"]
[WhiteTeam "Surrey Kings 5"]
[Black "Machutadze, Nicholas"]
[BlackElo "791"]
[BlackTeam "Uxbridge Juniors Eagles"]
[Result "0-1"]
[PlyCount "104"]

1. e4 e6 2. Nf3 Nf6 3. d3 Nc6 4. Nc3 Bc5 5. Bg5 h6 6. Bxf6 gxf6 7. Be2 f5 8. e5 d5 9. O-O Nd4 10. Nxd4 Bxd4 11. h3 Bxc3 12. bxc3 Qg5 13. d4 c6 14. Rb1 Rg8 15. g3 b5 16. h4 Qe7 17. a3 a6 18. Kh1 Qxa3 19. Ra1 Qxc3 20. Kg1 Rg4 21. Bxg4 fxg4 22. Qxg4 Qxc2 23. Qg8+ Ke7 24. Rac1 Qg6 25. Qxg6 fxg6 26. Rxc6 Bd7 27. Rc7 a5 28. Rxd7+ Kxd7 29. Rc1 a4 30. Rb1 Kc6 31. Rc1+ Kb6 32. Rc5 a3 33. Kf1 a2 34. Ke1 a1=Q+ 35. Ke2 Ra3 36. Kd2 Qb2+ 37. Rc2 Qxd4+ 38. Ke2 Qe4+ 39. Kd2 Qd4+ 40. Ke2 Qxe5+ 41. Kd2 g5 42. hxg5 Qxg5+ 43. Ke2 Re3+ 44. fxe3 Qg4+ 45. Kd2 Qxg3 46. Ke2 h5 47. Kd2 h4 48. Ke2 h3 49. Kd2 h2 50. Rc1 Qh3 51. Rh1 Qg2+ 52. Kd3 Qxh1 0-1

[Event "Junior Online 4NCL Division 5"]
[Site "online"]
[Date "2021.04.15"]
[EventDate "2021.04.15"]
[Round "7.355"]
[White "Vaz, Bryan"]
[WhiteElo "850"]
[WhiteTeam "Surrey Kings 5"]
[Black "Boopathy, Harsheth"]
[BlackElo "954"]
[BlackTeam "Uxbridge Juniors Eagles"]
[Result "1-0"]
[PlyCount "53"]

1. c4 c5 2. Nc3 d6 3. b3 f5 4. Bb2 g6 5. Qc2 Nf6 6. g3 Bg7 7. Bg2 Bd7 8. Bxb7 Bc6 9. Bxc6+ Nxc6 10. Nf3 h5 11. Nd5 Nxd5 12. Bxg7 Rg8 13. cxd5 Rxg7 14. dxc6 Rc8 15. O-O Rxc6 16. b4 Rg8 17. Qa4 Qd7 18. bxc5 dxc5 19. Rad1 Rf8 20. Ne5 Rf7 21. Nxd7 Kxd7 22. Qc4 Rff6 23. d4 cxd4 24. Rxd4+ Rcd6 25. Rxd6+ Kxd6 26. Rd1+ Ke5 27. Qd5# 1-0

[Event "Junior Online 4NCL Division 5"]
[Site "online"]
[Date "2021.04.15"]
[EventDate "2021.04.15"]
[Round "7.356"]
[White "Motorwala, Muhammad"]
[WhiteElo "978"]
[WhiteTeam "Uxbridge Juniors Eagles"]
[Black "O’Sullivan, Jack"]
[BlackElo "925"]
[BlackTeam "Surrey Kings 5"]
[Result "0-1"]
[PlyCount "64"]

1. e4 e5 2. Bc4 Nc6 3. Qg4 g6 4. Qf3 Nf6 5. Nh3 Nd4 6. Qe3 Nxc2+ 7. Kd1 Nxe3+ 8. fxe3 Nxe4 9. Nc3 Nxc3+ 10. dxc3 d5 11. Bb3 Bg4+ 12. Kd2 Bxh3 13. gxh3 Bh6 14. a4 d4 15. Rf1 Bxe3+ 16. Ke2 O-O 17. Bxe3 dxe3 18. Kxe3 Qg5+ 19. Kf3 Qf4+ 20. Kg2 Qe4+ 21. Kf2 Rad8 22. Kg3 Rd3+ 23. Kf2 Qf3+ 24. Kg1 Qxh3 25. Rf2 e4 26. Raf1 Kh8 27. Bxf7 Qg4+ 28. Rg2 Qh5 29. Bxg6 hxg6 30. Rxf8+ Kg7 31. Rgf2 Rd1+ 32. Kg2 Qg4# 0-1

[Event "Junior Online 4NCL Division 5"]
[Site "online"]
[Date "2021.04.15"]
[EventDate "2021.04.15"]
[Round "7.357"]
[White "Fairrie, Ralph"]
[WhiteElo "916"]
[WhiteTeam "Surrey Kings 5"]
[Black "Jones, Theo"]
[BlackElo "985"]
[BlackTeam "Uxbridge Juniors Eagles"]
[Result "1-0"]
[PlyCount "97"]

1. e4 e6 2. Nf3 Nf6 3. d4 Nxe4 4. Nc3 Nxc3 5. bxc3 Nc6 6. Be3 d6 7. Bb5 a6 8. Bxc6+ Bd7 9. Bxd7+ Kxd7 10. Qb1 b5 11. Ng5 Rb8 12. Nxf7 Qe7 13. Nxh8 Qf7 14. Nxf7 b4 15. Qxb4 Rxb4 16. cxb4 d5 17. c3 Ke7 18. c4 dxc4 19. d5 exd5 20. Ng5 h6 21. Bc5+ Kd7 22. Nf7 Be7 23. Rd1 Bf6 24. Rxd5+ Kc8 25. Rd8+ Kb7 26. Rd7 Bc3+ 27. Kd1 Kc8 28. Rd8+ Kb7 29. Rd7 Kc6 30. Nd8+ Kxd7 31. Re1 Bxe1 32. Kxe1 c3 33. Nf7 Ke8 34. Ne5 Kd8 35. g4 c6 36. f4 c2 37. Kd2 c1=Q+ 38. Kxc1 Kc7 39. g5 h5 40. f5 g6 41. fxg6 a5 42. g7 Kd8 43. g8=Q+ Kc7 44. Qf7+ Kd8 45. Qe7+ Kc8 46. Qd7+ Kb8 47. Ba7+ Ka8 48. Nxc6 axb4 49. Qc8# 1-0

[Event "Junior Online 4NCL Division 5"]
[Site "online"]
[Date "2021.04.15"]
[EventDate "2021.04.15"]
[Round "7.361"]
[White "Block, Leo"]
[WhiteElo "837"]
[WhiteTeam "Eden Primary Knights"]
[Black "Mohammad, Zakariya"]
[BlackElo "1049"]
[BlackTeam "Harrow Juniors G"]
[Result "0-1"]
[PlyCount "112"]

1. e4 e5 2. Nf3 Nc6 3. Nc3 Bc5 4. d3 Nf6 5. Be3 d6 6. Be2 Be6 7. O-O O-O 8. Ng5 h6 9. Nxe6 fxe6 10. Bf3 Re8 11. Nb5 a6 12. Nc3 d5 13. Bxc5 dxe4 14. dxe4 Qxd1 15. Raxd1 Red8 16. Na4 b5 17. Nc3 b4 18. Ne2 Rxd1 19. Rxd1 Rd8 20. Ng3 Rxd1+ 21. Bxd1 Nd4 22. Bxd4 exd4 23. Ne2 Nxe4 24. c3 dxc3 25. bxc3 Nxc3 26. f4 Nxd1 27. g4 Nc3 28. f5 Nxe2+ 29. Kf1 Nd4 30. fxe6 Nxe6 31. h4 g5 32. hxg5 hxg5 33. Ke2 Nf4+ 34. Ke3 Ng2+ 35. Kd3 Nf4+ 36. Kc4 a5 37. Kb5 Nd3 38. Kxa5 Nc1 39. Kxb4 Nxa2+ 40. Kc4 Kf8 41. Kd4 Ke8 42. Ke5 Kf7 43. Kf5 c5 44. Kxg5 c4 45. Kf5 c3 46. g5 c2 47. g6+ Kg7 48. Kg5 c1=Q+ 49. Kh5 Qc6 50. Kg5 Qxg6+ 51. Kf4 Nb4 52. Ke5 Kf7 53. Kd4 Qf5 54. Kc4 Nc6 55. Kb3 Qc5 56. Ka4 Qb4# 0-1

[Event "Junior Online 4NCL Division 5"]
[Site "online"]
[Date "2021.04.15"]
[EventDate "2021.04.15"]
[Round "7.362"]
[White "Patel, Shailen"]
[WhiteElo "977"]
[WhiteTeam "Harrow Juniors G"]
[Black "Feldman, Joshua"]
[BlackElo "753"]
[BlackTeam "Eden Primary Knights"]
[Result "0-1"]
[PlyCount "104"]

1. e4 e5 2. Nf3 Nc6 3. Bc4 Nf6 4. Nc3 Bc5 5. O-O O-O 6. d3 Ng4 7. Be3 Bxe3 8. fxe3 Nxe3 9. Re1 Nxd1 10. Rexd1 Na5 11. Bd5 d6 12. h3 Be6 13. Bxb7 Nxb7 14. a3 Nc5 15. b4 Na6 16. Rac1 f5 17. Re1 fxe4 18. dxe4 Bc4 19. Nd2 Be6 20. Rf1 Rxf1+ 21. Rxf1 d5 22. b5 Nb8 23. Rf2 dxe4 24. Ndxe4 c6 25. bxc6 Nxc6 26. Rf1 Nd4 27. Rf3 Nxf3+ 28. gxf3 Bxh3 29. Kh2 Be6 30. Ng3 Qd4 31. Nb5 Qd2+ 32. Kg1 Qxc2 33. Nd4 Qd1+ 34. Kf2 Qxd4+ 35. Kg2 Qc3 36. a4 Bd7 37. a5 Qxa5 38. Ne4 Qa2+ 39. Kg3 Qf7 40. Nd6 Qg6+ 41. Kf2 Qxd6 42. Kg3 Qd4 43. Kg2 a5 44. f4 Qxf4 45. Kg1 Qd2 46. Kf1 Qa2 47. Ke1 a4 48. Kd1 Ra5 49. Kc1 Qh2 50. Kd1 Rb5 51. Kc1 Rd5 52. Kb1 Rd1# 0-1

[Event "Junior Online 4NCL Division 5"]
[Site "online"]
[Date "2021.04.15"]
[EventDate "2021.04.15"]
[Round "7.363"]
[White "Querfurth Waterman, Maya"]
[WhiteElo "742"]
[WhiteTeam "Eden Primary Knights"]
[Black "Petriuc, Stefan"]
[BlackElo "1000"]
[BlackTeam "Harrow Juniors G"]
[Result "0-1"]
[PlyCount "120"]

1. e4 e5 2. Bc4 Bb4 3. Nf3 Nc6 4. Ng5 Qxg5 5. c3 Bd6 6. d3 Qe7 7. O-O Nf6 8. Bg5 O-O 9. Na3 Bxa3 10. bxa3 h6 11. Bh4 Qxa3 12. Bxf6 gxf6 13. Qc1 Qd6 14. d4 exd4 15. cxd4 Nxd4 16. Qd1 b6 17. Rc1 f5 18. Rc3 fxe4 19. f3 exf3 20. gxf3 Nxf3+ 21. Rcxf3 Qxd1 22. Rxd1 b5 23. Bxb5 d6 24. Bc4 Bg4 25. Bxf7+ Rxf7 26. Rg3 Kf8 27. Rb3 Bxd1 28. Rd3 Bh5 29. Rb3 d5 30. Rb5 d4 31. Rxh5 d3 32. Rd5 c6 33. Rxd3 Re8 34. Rc3 Re1+ 35. Kg2 a6 36. Rxc6 a5 37. Ra6 Re2+ 38. Kg3 Rxa2 39. Rxh6 a4 40. Kg4 a3 41. Kg5 Rb2 42. Ra6 Ra2 43. Rh6 Rg2+ 44. Kh5 Rxh2+ 45. Kg6 Rxh6+ 46. Kxh6 a2 47. Kg6 a1=Q 48. Kh6 Qa6+ 49. Kh5 Rf5+ 50. Kg4 Qa5 51. Kh4 Qe1+ 52. Kh3 Rf3+ 53. Kg2 Rf2+ 54. Kg3 Qc3+ 55. Kg4 Qc4+ 56. Kh5 Rf5+ 57. Kg6 Qc5 58. Kh7 Qc7+ 59. Kh8 Ke8 60. Kg8 Rf8# 0-1

[Event "Junior Online 4NCL Division 5"]
[Site "online"]
[Date "2021.04.15"]
[EventDate "2021.04.15"]
[Round "7.364"]
[White "Patel, Anay"]
[WhiteElo "835"]
[WhiteTeam "Harrow Juniors G"]
[Black "Lasserson, Gabriel"]
[BlackElo "774"]
[BlackTeam "Eden Primary Knights"]
[Result "1-0"]
[PlyCount "63"]

1. e4 e5 2. Nf3 Nc6 3. Bc4 d6 4. Nc3 Nf6 5. O-O b5 6. Bd3 Nb4 7. Bxb5+ Bd7 8. Bd3 Nxd3 9. cxd3 Nh5 10. d4 exd4 11. Nxd4 c5 12. Nf3 Nf4 13. d4 cxd4 14. Nxd4 Bg4 15. Qxg4 d5 16. Qxf4 Qh4 17. Qxh4 g5 18. Qxg5 f6 19. Qxf6 Rg8 20. Qe6+ Be7 21. Bh6 Kd8 22. Qxg8+ Kd7 23. Qg6 hxg6 24. b4 Rb8 25. Rab1 Bh4 26. Nxd5 g5 27. Rbc1 g4 28. Rc7+ Kd8 29. g3 Rxb4 30. gxh4 Rxd4 31. Rb1 Ke8 32. Rb8# 1-0

[Event "Junior Online 4NCL Division 5"]
[Site "online"]
[Date "2021.04.15"]
[EventDate "2021.04.15"]
[Round "7.365"]
[White "Mohammad, Zakariya"]
[WhiteElo "1049"]
[WhiteTeam "Harrow Juniors G"]
[Black "Block, Leo"]
[BlackElo "837"]
[BlackTeam "Eden Primary Knights"]
[Result "1/2-1/2"]
[PlyCount "64"]

1. e4 Nf6 2. e5 Ne4 3. d3 Nc5 4. d4 Ne4 5. f3 Ng5 6. f4 Ne4 7. Bd3 d5 8. Bxe4 dxe4 9. Nc3 h5 10. Nxe4 Bg4 11. Nf3 Bd7 12. Nc5 Bc6 13. Be3 Rh6 14. f5 Nd7 15. Bxh6 gxh6 16. Nxd7 Qxd7 17. e6 fxe6 18. fxe6 Qxe6+ 19. Qe2 Kf7 20. Qxe6+ Kxe6 21. O-O-O Ba4 22. d5+ Kf5 23. b3 Bb5 24. Nd4+ Kf4 25. Rhf1+ Ke3 26. Rfe1+ Kf2 27. Nxb5 Kxg2 28. Nxc7 Rc8 29. Re2+ Kf3 30. Re6 Rxc7 31. Rxh6 Bxh6+ 32. Kb2 Rd7 1/2-1/2

[Event "Junior Online 4NCL Division 5"]
[Site "online"]
[Date "2021.04.15"]
[EventDate "2021.04.15"]
[Round "7.366"]
[White "Feldman, Joshua"]
[WhiteElo "753"]
[WhiteTeam "Eden Primary Knights"]
[Black "Patel, Shailen"]
[BlackElo "977"]
[BlackTeam "Harrow Juniors G"]
[Result "1/2-1/2"]
[PlyCount "31"]

1. d4 d5 2. Bf4 Nc6 3. Nf3 Nf6 4. Nc3 Bf5 5. e3 a6 6. Bd3 e6 7. Bxf5 exf5 8. O-O Bd6 9. Bxd6 Qxd6 10. e4 dxe4 11. Ng5 O-O 12. f3 exf3 13. gxf3 h6 14. Nh3 Rad8 15. d5 Nxd5 16. Nxd5 1/2-1/2

[Event "Junior Online 4NCL Division 5"]
[Site "online"]
[Date "2021.04.15"]
[EventDate "2021.04.15"]
[Round "7.367"]
[White "Petriuc, Stefan"]
[WhiteElo "1000"]
[WhiteTeam "Harrow Juniors G"]
[Black "Querfurth Waterman, Maya"]
[BlackElo "742"]
[BlackTeam "Eden Primary Knights"]
[Result "1-0"]
[PlyCount "39"]

1. e4 e5 2. Nf3 Nf6 3. d3 Bc5 4. Be3 Bxe3 5. fxe3 Ng4 6. Nbd2 Nxe3 7. Qe2 Nxc2+ 8. Kd1 Nxa1 9. Nb1 O-O 10. Nxe5 Qe8 11. g3 Qxe5 12. Nd2 d6 13. Nc4 Qxb2 14. Qxb2 Nb3 15. Qxb3 Bg4+ 16. Be2 Bxe2+ 17. Kxe2 Re8 18. Nxd6 Re5 19. Qxf7+ Kh8 20. Qf8# 1-0

[Event "Junior Online 4NCL Division 5"]
[Site "online"]
[Date "2021.04.15"]
[EventDate "2021.04.15"]
[Round "7.368"]
[White "Lasserson, Gabriel"]
[WhiteElo "774"]
[WhiteTeam "Eden Primary Knights"]
[Black "Patel, Anay"]
[BlackElo "835"]
[BlackTeam "Harrow Juniors G"]
[Result "1-0"]
[PlyCount "45"]

1. e4 e6 2. Nf3 Bc5 3. Nc3 Nf6 4. e5 Ng8 5. d4 d5 6. dxc5 Ne7 7. Nb5 O-O 8. Bd2 Nf5 9. Ng5 Nc6 10. c3 Nxe5 11. Be2 Bd7 12. Bh5 Be8 13. f4 Nd3+ 14. Ke2 Nxb2 15. Qc2 Nc4 16. Be1 Ne5 17. fxe5 Nh4 18. c6 Bxc6 19. g3 Bxb5+ 20. Kf2 Qe7 21. gxh4 Qc5+ 22. Kg2 Qc4 23. Qxh7# 1-0

[Event "Junior Online 4NCL Division 5"]
[Site "online"]
[Date "2021.04.15"]
[EventDate "2021.04.15"]
[Round "7.371"]
[White "Morgan, Alice"]
[WhiteElo "935"]
[WhiteTeam "Manchester Juniors G"]
[Black "Jackson, Joel"]
[BlackElo "813"]
[BlackTeam "Dragon Kings 2"]
[Result "0-1"]
[PlyCount "140"]

1. e4 e5 2. Nc3 Bc5 3. Nf3 Nc6 4. Bc4 Nf6 5. O-O d6 6. d3 Be6 7. Be3 Bxc4 8. dxc4 Bxe3 9. fxe3 Nd4 10. Nxd4 exd4 11. Qxd4 c5 12. Qd3 O-O 13. Rfd1 Qb6 14. Rf1 Rad8 15. Rfd1 d5 16. exd5 Qxb2 17. Kh1 Ng4 18. Rab1 Nf2+ 19. Kg1 Nxd3 20. Rxb2 Nxb2 21. Rf1 Rfe8 22. Ne2 Rxe3 23. h3 Nxc4 24. Nf4 Nd2 25. Rd1 Ne4 26. Rf1 Ng3 27. Rf2 Rde8 28. c4 h6 29. a4 Re1+ 30. Kh2 Nf1+ 31. Kg1 R8e4 32. Nd3 R1e2 33. Rxf1 Ra2 34. Nxc5 Rxc4 35. Nd3 Rcxa4 36. Ne5 Ra1 37. d6 Rxf1+ 38. Kxf1 Rd4 39. d7 Rd5 40. Kg1 Kf8 41. Kf1 Ke7 42. Kf2 Kd6 43. d8=Q+ Kxe5 44. Qc7+ Ke4 45. Qxb7 g5 46. Qb4+ Rd4 47. Qc5 Kd3 48. Qe7 Rf4+ 49. Ke1 a5 50. Qe2+ Kd4 51. Kd2 a4 52. Qe3+ Kd5 53. Qa3 Rd4+ 54. Ke2 Re4+ 55. Kf3 Rf4+ 56. Ke3 Re4+ 57. Kf2 Rf4+ 58. Kg1 f5 59. Qd3+ Rd4 60. Kf2 Rxd3 61. Ke2 Rg3 62. Kd2 Rxg2+ 63. Ke3 Rg3+ 64. Kd2 Rxh3 65. Kc2 Kd4 66. Kd2 Rh2+ 67. Kc1 Kc3 68. Kd1 Kd3 69. Kc1 Ra2 70. Kd1 Ra1# 0-1

[Event "Junior Online 4NCL Division 5"]
[Site "online"]
[Date "2021.04.15"]
[EventDate "2021.04.15"]
[Round "7.373"]
[White "Rahman, Umar"]
[WhiteElo "750"]
[WhiteTeam "Manchester Juniors G"]
[Black "Choy, Thomas"]
[BlackElo "800"]
[BlackTeam "Dragon Kings 2"]
[Result "0-1"]
[PlyCount "114"]

1. e4 e5 2. f3 Nf6 3. Bc4 Bc5 4. f4 exf4 5. Qh5 Nxh5 6. d3 f3 7. gxf3 O-O 8. f4 d6 9. b3 Bd7 10. Ne2 Qf6 11. Nec3 Nc6 12. Rg1 Qxf4 13. Bxf4 Nxf4 14. Nd5 Bxg1 15. Nxf4 Nb4 16. Na3 Bd4 17. Rd1 Nxa2 18. b4 Nxb4 19. Nb5 Bf6 20. Nxc7 Rac8 21. Nb5 Nxc2+ 22. Kf1 Ne3+ 23. Ke1 Nxd1 24. Kxd1 a6 25. Na7 Ra8 26. Nc6 Bxc6 27. Ne6 fxe6 28. Bxe6+ Kh8 29. d4 Rae8 30. d5 Bd7 31. Bxd7 Rxe4 32. Bf5 Ra4 33. Bc2 Ra2 34. Bb1 Rxh2 35. Bc2 Re8 36. Ba4 Re3 37. Bc2 Ra3 38. Kc1 Ra1+ 39. Bb1 Ra3 40. Bc2 Rg3 41. Bd1 Bb2+ 42. Kb1 Rg1 43. Ka2 Rxd1 44. Kb3 Bd4 45. Kc4 a5 46. Kb5 Bc3 47. Ka4 g6 48. Kb3 g5 49. Kxc3 Rxd5 50. Kc4 g4 51. Kxd5 g3 52. Ke4 g2 53. Kf3 g1=Q 54. Kf4 Re2 55. Kf3 Qf1+ 56. Kg3 Rg2+ 57. Kh3 Qh1# 0-1

[Event "Junior Online 4NCL Division 5"]
[Site "online"]
[Date "2021.04.15"]
[EventDate "2021.04.15"]
[Round "7.375"]
[White "Jackson, Joel"]
[WhiteElo "813"]
[WhiteTeam "Dragon Kings 2"]
[Black "Morgan, Alice"]
[BlackElo "935"]
[BlackTeam "Manchester Juniors G"]
[Result "1-0"]
[PlyCount "79"]

1. d4 e5 2. dxe5 Nc6 3. Bf4 Bc5 4. g3 Nge7 5. Bg2 O-O 6. Nf3 d6 7. exd6 cxd6 8. O-O Bf5 9. c3 d5 10. Nbd2 a5 11. Qb3 Ng6 12. Qxb7 Qc8 13. Qxc8 Raxc8 14. Nb3 Be7 15. Nbd4 Nxd4 16. Nxd4 Be6 17. Nxe6 fxe6 18. e4 Nxf4 19. gxf4 Rxf4 20. exd5 Bg5 21. dxe6 Re8 22. Rae1 h6 23. Bc6 Rg4+ 24. Kh1 Re7 25. Rg1 Rxg1+ 26. Kxg1 Kh8 27. b4 axb4 28. cxb4 Bf4 29. Bd7 Bd6 30. Rd1 Bxb4 31. Rc1 Bd2 32. Rc8+ Kh7 33. Rc2 Bf4 34. Rc4 Bd2 35. Rd4 Bg5 36. Rg4 Bc1 37. Rc4 Bg5 38. Rg4 Bc1 39. Rc4 Bg5 40. Rg4 1-0